Clinical Mycology (Record no. 6331)

MARC details
000 -LEADER
fixed length control field 00543nam a22001937a 4500
003 - CONTROL NUMBER IDENTIFIER
control field OSt
005 - DATE AND TIME OF LATEST TRANSACTION
control field 20190919114855.0
008 - FIXED-LENGTH DATA ELEMENTS--GENERAL INFORMATION
fixed length control field 190919b ||||| |||| 00| 0 eng d
020 ## - INTERNATIONAL STANDARD BOOK NUMBER
International Standard Book Number 9780195148091
040 ## - CATALOGING SOURCE
Transcribing agency DDC
082 ## - DEWEY DECIMAL CLASSIFICATION NUMBER
Classification number WC450 C611w 2003
100 ## - MAIN ENTRY--PERSONAL NAME
Personal name Edited by William, E. Dismukes; Peter, G. Pappas; Jack D. Sobel
9 (RLIN) 12958
245 ## - TITLE STATEMENT
Title Clinical Mycology
260 ## - PUBLICATION, DISTRIBUTION, ETC. (IMPRINT)
Place of publication, distribution, etc. Oxford University Press,
Date of publication, distribution, etc. 2003
300 ## - PHYSICAL DESCRIPTION
Extent xiii,519p;
Other physical details ill:
Dimensions 28cm
504 ## - BIBLIOGRAPHY, ETC. NOTE
Bibliography, etc References, & index included
650 ## - SUBJECT ADDED ENTRY--TOPICAL TERM
Topical term or geographic name as entry element Mycology
9 (RLIN) 8479
942 ## - ADDED ENTRY ELEMENTS (KOHA)
Source of classification or shelving scheme Other/Generic Classification Scheme
Koha item type Book Bank
Holdings
Withdrawn status Lost status Source of classification or shelving scheme Damaged status Not for loan Home library Current library Date acquired Source of acquisition Inventory number Total Checkouts Full call number Barcode Date last seen Koha item type
    Other/Generic Classification Scheme     MUST Main Library MUST Main Library 19/09/2019 Purchase 19/40675   WC450 C611w 2003 2019-0470 19/09/2019 Open Shelf
    Other/Generic Classification Scheme     MUST Main Library MUST Main Library 19/09/2019 Purchase 19/40676   WC450 C611w 2003 2019-0471 19/09/2019 Open Shelf
    Other/Generic Classification Scheme     MUST Main Library MUST Main Library 19/09/2019 Purchase 19/40677   WC450 C611w 2003 2019-0472 19/09/2019 Open Shelf
    Other/Generic Classification Scheme     MUST Main Library MUST Main Library 19/09/2019 Purchase 19/40678   WC450 C611w 2003 2019-0473 19/09/2019 Open Shelf